<?xml version="1.0" encoding="UTF-8"?>
<marc:record xmlns:marc="http://www.loc.gov/MARC21/slim">
   <marc:leader>00000nam a2200000 a 4500</marc:leader>
   <marc:datafield ind1="0" ind2="0" tag="245">
      <marc:subfield code="a">Trau dich Koalabär</marc:subfield>
   </marc:datafield>
   <marc:datafield ind1="0" ind2="0" tag="245">
      <marc:subfield code="b">Hörfigur für die Toniebox</marc:subfield>
   </marc:datafield>
   <marc:datafield ind1="1" ind2=" " tag="520">
      <marc:subfield code="a">Kimi Koala ist König Bewegungslos: Noch nie hat er sich von seinem geliebten Eukalyptusbaum heruntergetraut. Doch dann muss er plötzlich etwas Neues wagen …&lt;br/&gt;&lt;br/&gt;Der kleine Gecko Goldi hingegen ist ein echter Star – findet zumindest er selbst. Die anderen Geckos sind sich da nicht so sicher. Hat Goldi seinen Freunden vielleicht doch mehr zu bieten als sein extravagantes Benehmen?&lt;br/&gt;Und der Wal Wendelin? Der sammelt immer mehr Schätze an, doch trotzdem hat er nie genug. Aber vielleicht gibt es ja ganz andere Dinge, die ihn zufrieden stellen könnten …&lt;br/&gt;&lt;br/&gt;Drei Geschichten über Freundschaft, Mut, und darüber, was uns wirklich glücklich macht. Nach den bekannten Bilderbüchern von Rachel Bright und Jim Field.&lt;br/&gt;&lt;br/&gt;ab 3 Jahren</marc:subfield>
   </marc:datafield>
   <marc:datafield ind1=" " ind2=" " tag="300">
      <marc:subfield code="e">Hörspiel ab 4 Jahren</marc:subfield>
   </marc:datafield>
</marc:record>
